عرض عادي عرض مارك
  • Schomacher, Jochen

مدخل إسم شخص

عدد التسجيلات المستخدمة في: 1

001 - رقم الضبط

  • حقل الضبط: 47942

003 - معرف رقم الضبط

  • حقل الضبط: OSt

005 - تاريخ ووقت أخر عملية

  • حقل الضبط: 20150504134401.0

008 - عناصر بيانات ثابتة الطول

  • حقل تحكم ثابت الطول: 150504|| aca||aabn | a|a d

040 ## - مصدر الفهرسة

  • هيئة الفهرسة الأصلية: OSt
  • وكالة الكتابة: OSt

100 ## - مدخل -- أسم شخص

  • إسم شخص: Schomacher, Jochen

670 ## - بيانات المصدر موجوده

  • الاستشهاد بالمصدر: Work cat.: (OSt)0: Schomacher, Jochen, Orthopedic manual therapy diagnosis :, 2014.